000
00340nam a2200145Ia 4500
008
240624s9999 xx 000 0 und d
041
_a
eng
082
_a
658.408 MAL
100
_a
MALLIN CHRISTINE
245
_a
CORPORATE GOVERNANCE
250
_a
(4th ed.)
260
_c
2013
_a
New Delhi
_b
Oxford
300
_a
408 : p.
365
_c
RS
_b
31
999
_c
21927
_d
21927